Carlos Marx: esbozo biográfico /

Guardado en:
Bibliografiske detaljer
Hovedforfatter: Stepanova, E.
Format: Bog
Sprog:Spanish
Udgivet: Moscu: Editorial Progeso, 1960?
Fag:
Tags: Tilføj Tag
Ingen Tags, Vær først til at tagge denne postø!

MARC

LEADER 00000nam a22000007a 4500
008 150427q1960 -uracaa| |||| 000 0 spa d
040 |a CRU CIICLA 
082 |a 92  |b M392s 
100 1 |a Stepanova, E. 
245 1 0 |a Carlos Marx:  |b esbozo biográfico /  |c E. Stepanova 
260 |a Moscu:  |b Editorial Progeso,   |c 1960? 
300 |a 119 páginas:  |b ilustraciones, retratos 
600 1 4 |a MARX, KARL  |d  1818-1883  
942 |2 ddc  |c BK 
999 |c 4037  |d 4037